Quizzes
Events
Quiz Creation
Community
Videos
Private Events
Remove Ads
Sign In
Join for FREE
Feedback
Dark Mode
Quiz Categories
Sports
Geography
Music
Movies
Television
Just For Fun
Miscellaneous
History
Literature
Language
Science
Gaming
Entertainment
Religion
Holiday
For Kids
Quiz Lab
Recent
Popular Today
Quiz Kudos Today
Editor Picks
Curator Picks
Quizzes by...
Day
Popularity
Type
Ratings
Length
Year
Community
Subscriptions
Recent Discussions
Orange Saloon
Badges
Playlists
Quests
Create
Leaderboards
Showdown
Live 5
Trivia Bingo
Activity
Puzzle Library
Sporcle Events
Private Events
Virtual Trivia
Globe League
Become a Host
Pub Owners
SporcleCon
Opinionation
Our Games
Videos
Blog
Mobile Apps
Partnerships
Remove Ads and Go Orange
Feedback
Just For Fun
Clickable
Get the Picture
Humor
Quick Pick
Word Ladder
Missing Word
Mixed Word
Blitz
Minefield
This or That
Alphabet
Color
Typing
Sporcle
Puzzle
Word Play
Follow That Line
Logic
Just For Fun
Clickable
Get the Picture
Humor
Quick Pick
Word Ladder
Missing Word
Mixed Word
Blitz
Minefield
This or That
Alphabet
Color
Typing
Sporcle
Puzzle
Word Play
Follow That Line
Logic
Random Quiz
Search Sporcle
×
Quiz Lab
Quiz Lab
Just For Fun
Rival
Select answers by clicking on text or image buttons
Select answers by clicking on text or image buttons
Clickable
Best Score? Go Orange.
50 Greatest Business Rivalries Stats
Can you match the 50 greatest rivalries ?
By
dalejr88a
9m
50 Questions
189 Plays
189 Plays
189 Plays
Comments
Comments
Give Quiz Kudos
Give Quiz Kudos
-
- Ratings
hide this ad
Forced Order
Answers have to be entered in order
Answers have to be entered in order
Replay
Link that replays current quiz
Next Quiz
Link to next quiz in quiz playlist
You Got
0%
They Got
Avg Score
64%
Avg Friend Score
Upgrade to see
Score Distribution
Jump to the score distribution portion of the page
Score
0/50
Timer
09:00
0
Plays Today
% Correct
DC Comics
93.7%
Mercedes Benz
87.8%
Pepsi
84.1%
Burger King
82.5%
Mastercard
81.5%
Energizer
81%
FedEx
80.4%
Netflix
79.4%
Nikon
79.4%
Starbucks
78.8%
Steve Jobs
78.3%
Reebok
77.8%
Lamborghini
77.8%
GM
75.1%
NASDAQ
75.1%
Bethlehem Steel
75.1%
Target
74.1%
Boeing
73.5%
Central Pacific
72.5%
Mattel
72%
Miller
71.4%
Amazon
70.9%
L'Oreal
70.4%
Avis
68.8%
Walgreens
68.3%
% Correct
Gibson
67.2%
Nikola Tesla
66.7%
TWA
66.7%
J.C. Penny
64.6%
IBM
64%
Tylenol
63%
Goldman Sachs
61.9%
Trailways
61.4%
Jeffrey Katzenberg
58.7%
Genoa
57.7%
Christie's
57.7%
Nintendo
57.7%
Puma
56.6%
Verizon
54%
Unilever
49.7%
Facebook
49.2%
Philip Morris
48.1%
Jack Warner
47.1%
Microsoft
46%
Hydrox
43.9%
Jay Gould
40.7%
Gimbles
36.5%
Pulitzer
36.5%
MCI
30.2%
Salesforce
23.8%
Quiz Playlist
Details
Report
Send in Message
Add To Playlist
Clickable:
Select answers by clicking on text or image buttons
Forced Order:
Answers have to be entered in order
Quiz Source
Last Updated: Feb 16, 2017
Quiz Scoreboard
CHALLENGE
Sign Up to Join the Scoreboard
Show All
Scores
Hide
Comments
May contain spoilers
Recently Published
9x9 Crossword: Cartoon Network
by jackfrog10
Miscellaneous
3m
College Basketball Coaching Resumes
by pancakes188
Sports
9m
Billboard Blitz: Fleetwood Mac
by CooCooCachoo
Music
15s
More to Explore
Quiz From the Vault
Featured Blog Post
Where Did the Easter Bunny Come From?
hide this ad
You Might Also Like...
Tags
business
business rivalries
Rival
Today's Top Quizzes in Just For Fun
Browse Just For Fun
hide this ad
Today's Top Quizzes in Rival
Browse Rival
Top Contributed Quizzes in Just For Fun
1
Killer Double Trees 224 - Colour Match-Up
2
Spring Typing Challenge
3
Name Just One - 10 to 1: Just For Fun
4
Crossword Whiteout! 49
5
Zeroing In: Just For Fun
6
Survivor Winners Logic Puzzle
7
Word Ladder: Ahoy Matey
8
Word Ladder: Wilderness Weapon
9
Harry Potter Logic - 'In Chains' II
10
Kyle's 122nd Triple Trees
Explore More
Trending Topics
Anime
Disney
NBA
Harry Potter
Crossword
Marvel
Kpop
Country
NFL
WWE
Song
Pokémon
The Office
Soccer
Puzzle
hide this ad
More By:
dalejr88a
Quiz
Plays
Rating
Category
Featured
Created
Pixar Movie Taglines
84,818
4.48
Movies
Dec 2, 2014
Dreamworks Animation by Tagline
39,101
4.16
Movies
Dec 3, 2014
Four Seasons
21,398
2.17
Miscellaneous
Mar 31, 2016
Han Solo Quotes
20,397
4.47
Movies
Dec 2, 2015
Quick Pick: Star Wars Quotes
20,229
4.28
Just For Fun
May 4, 2016
Go to Creator's Profile
Score Distribution
Quiz Creator Spotlight
dalejr88a
Follow
Send a Message
Quizzes Created
-
Created Quiz Play Count
-
More By This Creator
Popular Quizzes Today
1
Find the US States - No Outlines Minefield
2
Find the Countries of Europe - No Outlines Minefield
3
The Countries of the World
4
Find the US States
5
Risky Map Clicking: Biggest States A-Z
6
US States
7
Popular People in 1961
8
Movies - When Are They Set?
More Just For Fun Quizzes
Get the Picture: Late Night
Published
Trending Quizzes
Risky Map Clicking: Least Populous States A-Z
1-10 Letter G Words
1-10 Letter F Words
Risky Map Clicking: Next State Alphabetically
Adjectives in 80s TV Shows
Recently Updated
Leaping Animals
pecheneg
Reality TV Shows (A-Z)
bhenderson79
Rickey Henderson's Hall of Fame Teammates
pecheneg
Champions League XIs: Arsenal
pecheneg
Quick Pick: Celebrities in WWE's Hall of Fame
aduchscher
A-Z Keypad Blitz II
pecheneg
Multiple Oscar Actors
pecheneg
Mystery Phrase Blitz: Oscar 'Best Actors'
pecheneg
F. Scott Fitzgerald Novels
LTH
Pick 3 Villains
ddd62291
Trending Topics
NBA
Disney
Anime
Crossword
Marvel
Kpop
Harry Potter
Pokémon
Song
The Office
NFL
Puzzle
Soccer
Country
WWE
Your Account Isn't Verified!
In order to create a playlist on Sporcle, you need to verify the email address you used during registration. Go to your
Sporcle Settings
to finish the process.
Report this User
Report this user for behavior that violates our
Community Guidelines
.
Details:
Send Report
Go to the Sporcle.com Mobile Site →
Comments